000 00313nam a2200133 i 4500
001 bg
100 1 _aRUTKIEWICZ, Stanisław
245 0 _aEncyklopedia ryb morskich /
_cS. Rutkiewicz.
260 _aGdańsk,
_c1982.
040 _cBPK
041 _apol
942 _cKS
008 s pl f |000 0 pol
999 _c21093
_d21093
856 _uhttp://koha.tu.koszalin.pl/cgi-bin/koha/opac-detail.pl?biblionumber=21093
_yKatalog online BPK